Diferenciální a integrální počet : Funkce více proměnných

Salvato in:
Dettagli Bibliografici
Autore principale: Sikorski, Roman (Autore)
Natura: Libro
Lingua:ceco
Pubblicazione: Praha : Academia, 1973
Edizione:1. vyd.
Tags: Aggiungi Tag
Nessun Tag, puoi essere il primo ad aggiungerne!!

MARC

LEADER 00000nam a22000003a 4500
001 stu51549
005 20150617225706.6
008 000105s1973----cs------------------cze-d
040 |a STU  |b slo 
041 0 |a cze 
044 |a cs 
080 |a 517.3/.9 
100 1 |a Sikorski, Roman  |4 aut 
245 1 |a Diferenciální a integrální počet :  |b Funkce více proměnných 
250 |a 1. vyd. 
260 |a Praha :  |b Academia,  |c 1973 
300 |a 495 s 
996 |b 284V035090  |c V*7782/O-894  |l VVS  |s A  |a 24  |w stu51549_0001 
996 |b 284EK01956  |c E*29811  |l EE01  |s A  |a 24  |w stu51549_0002